Statistics for What the AND Countries Might Have Been Called

Click here to take the quiz!

General Stats

  • This quiz has been taken 65 times
  • The average score is 4 of 6

Answer Stats

Country, relabeled% Correct
Barbuda and Antigua
89%
Herzegovina and Bosnia
71%
Nevis and St Kitts
71%
Tobago and Trinidad
71%
Príncipe and São Tomé
62%
The Grenadines and St Vincent
56%

Score Distribution

Percentile by Number Answered

Percent of People with Each Score

Your Score History

You have not taken this quiz